Programa para enseñar a tomar decisiones : guía didáctica para el tutor /

Guardado en:
Detalles Bibliográficos
Autor principal: Rodríguez Moreno, María Luisa (autor)
Otros autores: Dorio Alcaraz, Inmaculada (autor) (autor), Morey Vich, Magdalena (autor) (autor)
Formato: Libro
Idioma:Español
Publicado: Barcelona, España : Laertes, 1998, c1998
Edición:2a edición
Colección:(Pedagogía ; 73B)
Temas:
Etiquetas: Agrega una etiqueta
Sin etiquetas, Sé el primero en etiquetar este registro!

MARC

LEADER 00000nam^a2200000^a^4500
001 000153427
005 20250521000000.0
009 20260310100319.303
020 |a 84-7584-261-5 
037 |a Acervo ITESO - Biblioteca 
041 |a ESP 
082 |a 153. 8307  |b ROD 
100 |a Rodríguez Moreno, María Luisa  |e (autor) 
245 1 0 |a Programa para enseñar a tomar decisiones :  |b guía didáctica para el tutor /  |c M.L. Rodríguez Moreno, I. Dorio Alcaraz, M. Morey Vich ; colaboración de Lluís Tort Raventós. 
250 |a 2a edición 
264 4 |a Barcelona, España :  |b Laertes,  |c 1998, c1998 
300 |a 86 p. 
336 |a texto  |b txt  |2 rdacontenido 
337 |a sin mediación  |b n  |2 rdamedio 
338 |a volumen  |b nc  |2 rdasoporte 
440 1 |a (Pedagogía ;  |v 73B) 
649 |a XX 
650 |a Toma de Decisiones -  |x Estudio y Enseñanza 
650 |a Toma de Decisiones -  |x Metodología 
650 |a Negociación y Mediación 
650 |a Desarrollo Emocional 
650 |a Desarrollo Cognoscitivo 
650 |a Asesoramiento 
650 |a Orientación Vocacional 
650 |a Servicios a Alumnos 
650 |a Didáctica 
650 |a Práctica Educativa 
650 |a Formación y Capacitación de Profesores 
650 |a Educación Media 
650 |a Educación Formal 
650 |a Educación 
650 |a Psicología Educativa 
650 |a Psicología Evolutiva 
700 |a Dorio Alcaraz, Inmaculada  |e (autor) 
700 |a Morey Vich, Magdalena  |e (autor) 
910 |a Fondo General 
920 |a Impresos - Libros 
930 |a Colección General 
905 |a 101 
901 |a 0500082122  |b IT1  |c ACC  |u 20250521 
902 |a https://opac.biblio.iteso.mx/vufind/Record/000153427